[Event "Buenos Aires TB"]
[Site "Buenos Aires"]
[Date "1996.??.??"]
[Round "4"]
[White "Cubas, Jose Fernando"]
[Black "Fraschini, Mariano"]
[Result "0-1"]
[WhiteElo "2160"]
[BlackElo "2340"]
[PlyCount "72"]
[EventDate "1996.??.??"]
[EventType "tourn"]
[EventRounds "11"]
[EventCountry "ARG"]
[SourceTitle "EXT 2001"]
[Source "ChessBase"]
[SourceDate "2000.11.22"]
[SourceVersion "1"]
[SourceVersionDate "2000.11.22"]
[SourceQuality "1"]

1. e4 c5 2. Nc3 Nc6 3. g3 g6 4. Bg2 Bg7 5. d3 d6 6. Be3 e5 7. Qd2 Nge7 8. f4
O-O 9. Nge2 Nd4 10. O-O Rb8 11. h3 b5 12. g4 exf4 13. Nxf4 b4 14. Ncd5 Bb7 15.
Rab1 Nxd5 16. exd5 Qa5 17. a3 Qa4 18. axb4 Nxc2 19. b3 Qe8 20. Bf2 Nxb4 21. d4
Qb5 22. dxc5 dxc5 23. Rfc1 Rbc8 24. Bf1 Qb6 25. Rc4 Rfd8 26. Bg2 Ba6 27. Rcc1
Qd6 28. Rd1 Be5 29. Be3 Qf6 30. Rbc1 Bd6 31. g5 Qf5 32. Re1 Re8 33. Rf1 Bxf1
34. Rxf1 Qc2 35. Qe1 Qxb3 36. Rf3 Bxf4 0-1

[Event "Buenos Aires TB"]
[Site "Buenos Aires"]
[Date "1996.??.??"]
[Round "5"]
[White "Campos, Jose Felix"]
[Black "Cubas, Jose Fernando"]
[Result "1-0"]
[WhiteElo "2305"]
[BlackElo "2160"]
[PlyCount "89"]
[EventDate "1996.??.??"]
[EventType "tourn"]
[EventRounds "11"]
[EventCountry "ARG"]
[SourceTitle "EXT 2001"]
[Source "ChessBase"]
[SourceDate "2000.11.22"]
[SourceVersion "1"]
[SourceVersionDate "2000.11.22"]
[SourceQuality "1"]

1. d4 d5 2. Nf3 Nf6 3. Bg5 e6 4. Nbd2 Be7 5. e3 Nbd7 6. Bd3 c5 7. c3 O-O 8. O-O
b6 9. Ne5 Bb7 10. Qe2 a6 11. a4 h6 12. Bxf6 Nxf6 13. f4 Qc7 14. Qf3 Bd6 15. g4
g6 16. Qg2 Qe7 17. Rae1 c4 18. Bb1 b5 19. axb5 axb5 20. Qh3 Kg7 21. g5 Ng8 22.
Ndf3 h5 23. Nh4 Bxe5 24. dxe5 Qe8 25. Nf3 Ne7 26. Nd4 Nf5 27. Bxf5 exf5 28. Ra1
Qd7 29. Qg2 Bc6 30. b3 Rfb8 31. Qb2 Kg8 32. Rxa8 Rxa8 33. Ra1 Qb7 34. b4 Ra4
35. Rxa4 bxa4 36. b5 Bd7 37. Qb4 a3 38. Qxa3 Bxb5 39. e6 fxe6 40. Nxe6 Qf7 41.
Qa8+ Kh7 42. Qxd5 Qa7 43. Nf8+ Kg7 44. Qe5+ Kg8 45. Nxg6 1-0

[Event "Buenos Aires TB"]
[Site "Buenos Aires"]
[Date "1996.??.??"]
[Round "6"]
[White "Alonso, Salvador"]
[Black "Cubas, Jose Fernando"]
[Result "1-0"]
[WhiteElo "2215"]
[BlackElo "2160"]
[PlyCount "67"]
[EventDate "1996.??.??"]
[EventType "tourn"]
[EventRounds "11"]
[EventCountry "ARG"]
[SourceTitle "EXT 2001"]
[Source "ChessBase"]
[SourceDate "2000.11.22"]
[SourceVersion "1"]
[SourceVersionDate "2000.11.22"]
[SourceQuality "1"]

1. e4 e5 2. Nf3 Nc6 3. d4 exd4 4. Nxd4 Nf6 5. Nc3 Bb4 6. Nxc6 bxc6 7. Bd3 d5 8.
exd5 cxd5 9. O-O O-O 10. Bg5 c6 11. Ne2 Be7 12. c4 dxc4 13. Bxc4 Qb6 14. Qc2
Rb8 15. b3 Rd8 16. Ng3 Qa5 17. h4 Bg4 18. Rae1 Re8 19. Qc1 Qc7 20. Bxf7+ Kxf7
21. Qc4+ Nd5 22. Qxg4 Bxg5 23. Qxg5 Nf6 24. Nh5 Rg8 25. Nxf6 gxf6 26. Qh6 Rg7
27. Qh5+ Kf8 28. Re6 Rg6 29. Qc5+ Kg8 30. Rxc6 Qd7 31. Qc4+ Kh8 32. Qe6 Qd4 33.
Rc4 Qd3 34. h5 1-0

[Event "Buenos Aires TB"]
[Site "Buenos Aires"]
[Date "1996.??.??"]
[Round "7"]
[White "Cubas, Jose Fernando"]
[Black "Rago, Sergio Angel"]
[Result "1-0"]
[WhiteElo "2160"]
[BlackElo "2275"]
[PlyCount "115"]
[EventDate "1996.??.??"]
[EventType "tourn"]
[EventRounds "11"]
[EventCountry "ARG"]
[SourceTitle "EXT 2001"]
[Source "ChessBase"]
[SourceDate "2000.11.22"]
[SourceVersion "1"]
[SourceVersionDate "2000.11.22"]
[SourceQuality "1"]

1. e4 d6 2. d4 Nf6 3. Nc3 g6 4. f4 Bg7 5. Nf3 c5 6. dxc5 Qa5 7. Bd3 Qxc5 8. Qe2
O-O 9. Be3 Qa5 10. O-O Nc6 11. h3 e5 12. g4 d5 13. exd5 Nxd5 14. Nxd5 Qxd5 15.
Bc4 Qa5 16. c3 exf4 17. Bxf4 Qc5+ 18. Be3 Qe7 19. Qf2 b6 20. Rae1 Be6 21. Bf4
Rae8 22. Ng5 Qd7 23. Qh4 h6 24. Nxe6 fxe6 25. Bxh6 Rxf1+ 26. Rxf1 Ne5 27. Bxg7
Qxg7 28. Bb3 g5 29. Qe1 Nd3 30. Qe3 Nf4 31. h4 Rf8 32. Bxe6+ Kh8 33. Bb3 Qf6
34. h5 a5 35. a4 Qd6 36. Rd1 Qf6 37. Rf1 Qd6 38. Bc4 Qf6 39. Qd4 Nh3+ 40. Kh2
Nf4 41. Qxf6+ Rxf6 42. b4 Rc6 43. bxa5 bxa5 44. Bb5 Rxc3 45. Bd7 Rh3+ 46. Kg1
Kg7 47. Rb1 Ne2+ 48. Kg2 Nf4+ 49. Kg1 Ne2+ 50. Kf2 Nc3 51. Rb6 Rh2+ 52. Kg3 Rd2
53. Bf5 Ne2+ 54. Kf3 Ra2 55. h6+ Kf8 56. h7 Ng1+ 57. Ke4 Rh2 58. Rb8+ 1-0

[Event "Buenos Aires TB"]
[Site "Buenos Aires"]
[Date "1996.??.??"]
[Round "9"]
[White "Cubas, Jose Fernando"]
[Black "Amura, Claudia Noemi"]
[Result "0-1"]
[WhiteElo "2160"]
[BlackElo "2360"]
[PlyCount "78"]
[EventDate "1996.??.??"]
[EventType "tourn"]
[EventRounds "11"]
[EventCountry "ARG"]
[SourceTitle "EXT 2001"]
[Source "ChessBase"]
[SourceDate "2000.11.22"]
[SourceVersion "1"]
[SourceVersionDate "2000.11.22"]
[SourceQuality "1"]

1. e4 g6 2. g3 Bg7 3. Bg2 d6 4. Nc3 c6 5. d3 b5 6. a3 a5 7. Nge2 Ba6 8. O-O Nf6
9. h3 Nfd7 10. Be3 b4 11. axb4 axb4 12. Na2 b3 13. Nb4 Bxb2 14. Nxa6 bxc2 15.
Qxc2 Bxa1 16. Rxa1 Rxa6 17. Rxa6 Nxa6 18. Qxc6 Nac5 19. Bh6 Qb8 20. e5 dxe5 21.
d4 Ne6 22. dxe5 g5 23. Kh2 Rg8 24. Be4 Nd8 25. Qc4 Qb6 26. e6 Qxe6 27. Qxe6
Nxe6 28. f4 gxf4 29. gxf4 Nf6 30. Bc6+ Kd8 31. f5 Ng5 32. Ng3 e6 33. fxe6 fxe6
34. Kg2 Nge4 35. Bxe4 Nxe4 36. Bf4 Nxg3 37. Bxg3 Ke7 38. Kf3 Kf6 39. Bh4+ Kf5
0-1

[Event "Buenos Aires TB"]
[Site "Buenos Aires"]
[Date "1996.??.??"]
[Round "10"]
[White "Mendez Ataria, Ernesto"]
[Black "Cubas, Jose Fernando"]
[Result "1/2-1/2"]
[WhiteElo "2390"]
[BlackElo "2160"]
[PlyCount "102"]
[EventDate "1996.??.??"]
[EventType "tourn"]
[EventRounds "11"]
[EventCountry "ARG"]
[SourceTitle "EXT 2001"]
[Source "ChessBase"]
[SourceDate "2000.11.22"]
[SourceVersion "1"]
[SourceVersionDate "2000.11.22"]
[SourceQuality "1"]

1. d4 d5 2. Bg5 Nf6 3. Bxf6 exf6 4. e3 c6 5. c4 a6 6. Nc3 b5 7. cxd5 cxd5 8.
Bd3 Bb7 9. Nge2 Bd6 10. O-O O-O 11. a4 b4 12. Nb1 Nc6 13. Nd2 Re8 14. Nb3 Na5
15. Nxa5 Qxa5 16. Nc1 g6 17. Nb3 Qb6 18. a5 Qa7 19. Rc1 Rac8 20. Qg4 Bc6 21. g3
h5 22. Qf3 Kg7 23. Nc5 Bb7 24. Nd7 f5 25. Nb6 Rcd8 26. Rc2 b3 27. Rc3 Bb4 28.
Rxb3 Bxa5 29. Na4 Bc6 30. Nc5 Rb8 31. Ra3 Bb4 32. Rxa6 Qc7 33. Rc1 Ra8 34. Qf4
Qc8 35. Rxa8 Qxa8 36. Qd6 Bd2 37. Rc2 Bb4 38. Ne6+ Rxe6 39. Qxb4 Qa1+ 40. Kg2
f4 41. exf4 Re1 42. Qd2 Bd7 43. f5 Rg1+ 44. Kf3 Rd1 45. f6+ Kh7 46. Qe3 Rxd3
47. Qxd3 Bf5 48. Qd2 Qh1+ 49. Ke2 Qe4+ 50. Kd1 Qh1+ 51. Ke2 Qe4+ 1/2-1/2

[Event "PAR-ch"]
[Site "Asuncion"]
[Date "1996.??.??"]
[Round "1"]
[White "Cubas, Jose Fernando"]
[Black "Valiente, Cristobal"]
[Result "0-1"]
[WhiteElo "2160"]
[BlackElo "2345"]
[PlyCount "55"]
[EventDate "1996.??.??"]
[EventType "tourn"]
[EventRounds "11"]
[EventCountry "PAR"]
[SourceTitle "EXT 2001"]
[Source "ChessBase"]
[SourceDate "2000.11.22"]
[SourceVersion "1"]
[SourceVersionDate "2000.11.22"]
[SourceQuality "1"]

1. c4 c5 2. e3 Nf6 3. Nf3 g6 4. b3 Bg7 5. Bb2 O-O 6. d4 cxd4 7. Nxd4 d5 8. Nd2
Re8 9. Be2 e5 10. N4f3 Nc6 11. cxd5 Nxd5 12. Ne4 Bf5 13. Nfd2 Qe7 14. O-O Red8
15. Bf3 Rac8 16. Qe2 Be6 17. Nc3 Ncb4 18. Nxd5 Bxd5 19. Bxd5 Nxd5 20. Rac1 e4
21. Bxg7 Kxg7 22. Nc4 b5 23. Na5 Rxc1 24. Rxc1 Qa3 25. Qd2 Nb4 26. Qc3+ Kh6 27.
Qc7 Nd5 28. Qc2 {(...31)} 0-1

[Event "PAR-ch"]
[Site "Asuncion"]
[Date "1996.??.??"]
[Round "2"]
[White "Santacruz, Cesar S"]
[Black "Cubas, Jose Fernando"]
[Result "1-0"]
[WhiteElo "2295"]
[BlackElo "2160"]
[PlyCount "69"]
[EventDate "1996.??.??"]
[EventType "tourn"]
[EventRounds "11"]
[EventCountry "PAR"]
[SourceTitle "EXT 2001"]
[Source "ChessBase"]
[SourceDate "2000.11.22"]
[SourceVersion "1"]
[SourceVersionDate "2000.11.22"]
[SourceQuality "1"]

1. e4 b6 2. d4 Bb7 3. Nc3 e6 4. Nf3 d5 5. exd5 exd5 6. Bb5+ c6 7. Bd3 Bd6 8.
O-O Nd7 9. Re1+ Ne7 10. Bg5 O-O 11. Bh4 f6 12. Bg3 Bxg3 13. hxg3 Re8 14. Nh4
Nf8 15. Qh5 a5 16. Re2 Ba6 17. Bxa6 Rxa6 18. Rae1 Ra8 19. Qg4 b5 20. Nf5 Nfg6
21. Rxe7 Rxe7 22. Rxe7 Qxe7 23. Nxe7+ Nxe7 24. Qe6+ Kf8 25. Ne2 Rc8 26. Nf4 Re8
27. Qd7 Kf7 28. Ne6 Rc8 29. Nxg7 Kxg7 30. Qxe7+ Kg6 31. g4 a4 32. f4 Ra8 33. g5
f5 34. Qe6+ Kg7 35. Qf6+ 1-0

[Event "PAR-ch"]
[Site "Asuncion"]
[Date "1996.??.??"]
[Round "3"]
[White "Cubas, Jose Fernando"]
[Black "Bergonzi, Osvaldo"]
[Result "1/2-1/2"]
[WhiteElo "2160"]
[BlackElo "2240"]
[PlyCount "50"]
[EventDate "1996.??.??"]
[EventType "tourn"]
[EventRounds "11"]
[EventCountry "PAR"]
[SourceTitle "EXT 2001"]
[Source "ChessBase"]
[SourceDate "2000.11.22"]
[SourceVersion "1"]
[SourceVersionDate "2000.11.22"]
[SourceQuality "1"]

1. d4 Nf6 2. Nf3 g6 3. Bg5 Bg7 4. Nbd2 d6 5. e4 O-O 6. Bc4 Nxe4 7. Nxe4 d5 8.
Bd3 h6 9. Bf4 dxe4 10. Bxe4 c5 11. dxc5 Qa5+ 12. c3 Nc6 13. O-O Qxc5 14. Qc1
Kh7 15. Rd1 Be6 16. Qc2 Rac8 17. h4 Qh5 18. Qe2 Bg4 19. Qe3 e5 20. Bh2 f5 21.
Bxc6 f4 22. Qe4 Rxc6 23. Rd5 Bxf3 24. gxf3 Rf7 25. Rad1 Qxh4 {..56} 1/2-1/2

[Event "PAR-ch"]
[Site "Asuncion"]
[Date "1996.??.??"]
[Round "4"]
[White "Lipiniks, Leonardo"]
[Black "Cubas, Jose Fernando"]
[Result "1-0"]
[WhiteElo "2195"]
[BlackElo "2160"]
[PlyCount "93"]
[EventDate "1996.??.??"]
[EventType "tourn"]
[EventRounds "11"]
[EventCountry "PAR"]
[SourceTitle "EXT 2001"]
[Source "ChessBase"]
[SourceDate "2000.11.22"]
[SourceVersion "1"]
[SourceVersionDate "2000.11.22"]
[SourceQuality "1"]

1. d4 d5 2. c4 dxc4 3. e4 Nf6 4. e5 Nd5 5. Bxc4 Nb6 6. Bb3 Nc6 7. Nf3 Bf5 8. a3
e6 9. Nc3 Be7 10. Be3 Na5 11. Ba2 O-O 12. Qe2 Qd7 13. Rd1 Na4 14. Nxa4 Qxa4 15.
O-O Rfd8 16. b4 Nc6 17. d5 exd5 18. Bxd5 Qxa3 19. b5 Nb4 20. Bxb7 Rab8 21. Nd4
Bd3 22. Rxd3 Qxd3 23. Qg4 Rxb7 24. Nf5 Bf8 25. Nh6+ Kh8 26. Nxf7+ Kg8 27. Qe6
Qd5 28. Nxd8+ Qxe6 29. Nxe6 Rxb5 30. g3 c5 31. Nxf8 Kxf8 32. Rc1 Nd3 33. Rc3
Nxe5 34. Bxc5+ Kf7 35. Bxa7 Kg6 36. Bd4 Kf5 37. Kg2 Ng4 38. Bxg7 Rb7 39. Rc5+
Kg6 40. Bd4 Rb4 41. Bc3 Rb3 42. h3 Nh6 43. Rc6+ Kf5 44. Rxh6 Rxc3 45. Rxh7 Kg5
46. Ra7 Kf5 47. Ra4 1-0

[Event "PAR-ch"]
[Site "Asuncion"]
[Date "1996.??.??"]
[Round "5"]
[White "Cubas, Jose Fernando"]
[Black "Curatola, Clemente"]
[Result "1-0"]
[WhiteElo "2160"]
[BlackElo "2225"]
[PlyCount "81"]
[EventDate "1996.??.??"]
[EventType "tourn"]
[EventRounds "11"]
[EventCountry "PAR"]
[SourceTitle "EXT 2001"]
[Source "ChessBase"]
[SourceDate "2000.11.22"]
[SourceVersion "1"]
[SourceVersionDate "2000.11.22"]
[SourceQuality "1"]

1. e4 c6 2. d4 d5 3. e5 Na6 4. Nf3 Bg4 5. Be2 e6 6. O-O Bxf3 7. Bxf3 f5 8. exf6
Nxf6 9. Re1 Nc7 10. Bg5 Be7 11. Nc3 O-O 12. Qd3 Qd7 13. Re2 Bd6 14. Rae1 Rae8
15. h4 Qf7 16. g3 Re7 17. Bg2 h6 18. Bc1 Rfe8 19. f4 c5 20. Nd1 cxd4 21. Qxd4
Nd7 22. Kh1 e5 23. fxe5 Bxe5 24. Qd3 Nc5 25. Qf3 Bf6 26. Rxe7 Rxe7 27. Rxe7
Qxe7 28. Ne3 d4 29. Nf5 Qe1+ 30. Qf1 Qxf1+ 31. Bxf1 Be5 32. Kg2 Kf8 33. Kf3 h5
34. Bg5 Nd5 35. Bc4 Nf6 36. Bf4 Bxf4 37. Kxf4 Nce4 38. Nxd4 Nd6 39. Bb3 g6 40.
c4 Nf5 41. Nxf5 1-0

[Event "PAR-ch"]
[Site "Asuncion"]
[Date "1996.??.??"]
[Round "7"]
[White "Riego Prieto, Victorio"]
[Black "Cubas, Jose Fernando"]
[Result "1-0"]
[WhiteElo "2255"]
[BlackElo "2160"]
[PlyCount "87"]
[EventDate "1996.??.??"]
[EventType "tourn"]
[EventRounds "11"]
[EventCountry "PAR"]
[SourceTitle "EXT 2001"]
[Source "ChessBase"]
[SourceDate "2000.11.22"]
[SourceVersion "1"]
[SourceVersionDate "2000.11.22"]
[SourceQuality "1"]

1. e4 c5 2. f4 Nc6 3. Nf3 e6 4. Be2 Qc7 5. d3 Nf6 6. e5 Nd5 7. c4 Nb6 8. Nc3 a6
9. a4 d6 10. O-O dxe5 11. fxe5 Nxe5 12. Ng5 Be7 13. Nce4 O-O 14. Bf4 f6 15. a5
Nbxc4 16. dxc4 fxg5 17. Bg3 Rxf1+ 18. Bxf1 Qc6 19. Qc2 Nf7 20. Bd3 h6 21. Rf1
Bd7 22. Nc3 Bf6 23. Qe2 Be8 24. Be4 Qd7 25. Rd1 Qe7 26. Bc2 Rd8 27. Re1 Bc6 28.
Bb1 Rd7 29. Qc2 Bd4+ 30. Kh1 Bf6 31. h3 Qd8 32. Rxe6 Rd2 33. Qh7+ Kf8 34. Be4
Bxe4 35. Qxe4 Bxc3 36. bxc3 Qd7 37. Kh2 Ra2 38. Rb6 Nd8 39. Rd6 Qe7 40. Qd5 Nc6
41. Rd7 Qf6 42. Rxb7 Nd8 43. Be5 Rd2 44. Qxc5+ 1-0

[Event "PAR-ch"]
[Site "Asuncion"]
[Date "1996.??.??"]
[Round "8"]
[White "Cubas, Jose Fernando"]
[Black "Peralta, Eduardo"]
[Result "0-1"]
[WhiteElo "2160"]
[BlackElo "2310"]
[PlyCount "112"]
[EventDate "1996.??.??"]
[EventType "tourn"]
[EventRounds "11"]
[EventCountry "PAR"]
[SourceTitle "EXT 2001"]
[Source "ChessBase"]
[SourceDate "2000.11.22"]
[SourceVersion "1"]
[SourceVersionDate "2000.11.22"]
[SourceQuality "1"]

1. c4 e5 2. Nc3 Nc6 3. g3 Nf6 4. Bg2 Bb4 5. a3 Bxc3 6. dxc3 O-O 7. b4 d6 8. e4
Be6 9. Qd3 Nd7 10. Nf3 h6 11. O-O a5 12. Be3 Qf6 13. Nd2 Qg6 14. b5 Ne7 15. b6
cxb6 16. Qxd6 Nc6 17. f4 Rac8 18. Qd3 exf4 19. gxf4 Bh3 20. Rf2 Qh5 21. Qd5 Qg4
22. e5 Rfd8 23. Qe4 f5 24. Qf3 Bxg2 25. Qxg4 fxg4 26. Rxg2 h5 27. Ne4 Ne7 28.
Nd6 Rc6 29. Rd1 Nc5 30. Rgd2 Rf8 31. Rb1 Ng6 32. Rf1 Nh4 33. Rd5 Nf3+ 34. Kg2
Na4 35. Rd3 Nb2 36. Rd5 Nxc4 37. Bc1 Nxd6 38. exd6 Rd8 39. d7 Kf7 40. Bb2 Ke6
41. Rd3 a4 42. c4 Nh4+ 43. Kf2 Nf5 44. Be5 Rxc4 45. Re1 Rc2+ 46. Kg1 Kf7 47.
Rb1 Rc6 48. Bb8 h4 49. Ba7 Rd6 50. Rxd6 Nxd6 51. Bxb6 Rxd7 52. Rb4 Nf5 53. Rxa4
Rd2 54. Ra7 Rb2 55. Rxb7+ Ke6 56. a4 h3 0-1

[Event "PAR-ch"]
[Site "Asuncion"]
[Date "1996.??.??"]
[Round "9"]
[White "Kropff, Ricardo"]
[Black "Cubas, Jose Fernando"]
[Result "1-0"]
[WhiteElo "2210"]
[BlackElo "2160"]
[PlyCount "129"]
[EventDate "1996.??.??"]
[EventType "tourn"]
[EventRounds "11"]
[EventCountry "PAR"]
[SourceTitle "EXT 2001"]
[Source "ChessBase"]
[SourceDate "2000.11.22"]
[SourceVersion "1"]
[SourceVersionDate "2000.11.22"]
[SourceQuality "1"]

1. d4 d5 2. Nf3 e6 3. g3 c5 4. Bg2 Nf6 5. O-O Nc6 6. c4 dxc4 7. Ne5 Nxe5 8.
dxe5 Nd7 9. Na3 Be7 10. Nxc4 O-O 11. Bf4 Rb8 12. a4 Qc7 13. h4 Rd8 14. Qb3 b6
15. Nd6 Ba6 16. Qc3 h6 17. Qe3 Nf8 18. h5 Rd7 19. Rac1 g5 20. hxg6 Nxg6 21.
Bxh6 Bxd6 22. exd6 Qxd6 23. Be4 Qd4 24. Qf3 Qxb2 25. Rc3 Kh7 26. Bf4 Bxe2 27.
Qe3 Rbd8 28. Rc2 Qxc2 29. Bxc2 Bxf1 30. Kxf1 Rd4 31. Be5 Rd2 32. Bf6 R8d6 33.
Bc3 Rxc2 34. Kg2 c4 35. Qf3 Kg8 36. Qa8+ Nf8 37. Bb4 Rcd2 38. Qxa7 c3 39. Bxc3
R2d3 40. Bb4 Rd8 41. Qxb6 Ng6 42. a5 R3d7 43. a6 Ra8 44. Bc5 Ne7 45. Qb5 Rc7
46. Bd6 Rca7 47. Bb8 Rxa6 48. Qe8+ Kg7 49. Be5+ Kg6 50. Qxe7 Kf5 51. Qf6+ Ke4
52. Qf4+ Kd5 53. Qd4+ Kc6 54. Qd6+ Kb5 55. Qd7+ Kc4 56. Qxf7 Kd5 57. Bf4 R8a7
58. Qf6 Rc6 59. Qe5+ Kc4 60. Qe2+ Kb4 61. Qb2+ Kc4 62. Qc2+ Kb5 63. Qb3+ Ka6
64. Qa4+ Kb7 65. Qb5+ 1-0

[Event "PAR-ch"]
[Site "Asuncion"]
[Date "1996.??.??"]
[Round "10"]
[White "Cubas, Jose Fernando"]
[Black "Jodorcovsky Werjivker, Paulo"]
[Result "1/2-1/2"]
[WhiteElo "2160"]
[BlackElo "2245"]
[PlyCount "104"]
[EventDate "1996.??.??"]
[EventType "tourn"]
[EventRounds "11"]
[EventCountry "PAR"]
[SourceTitle "EXT 2001"]
[Source "ChessBase"]
[SourceDate "2000.11.22"]
[SourceVersion "1"]
[SourceVersionDate "2000.11.22"]
[SourceQuality "1"]

1. d4 d5 2. Nf3 e6 3. c4 c6 4. g3 dxc4 5. Bg2 b5 6. a4 Bb7 7. Ne5 Nd7 8. Bxc6
Bxc6 9. Nxc6 Qb6 10. axb5 Qxb5 11. Qa4 Qb7 12. Qa6 Qxa6 13. Rxa6 Nb6 14. Rxa7
Rxa7 15. Nxa7 Bb4+ 16. Bd2 Bxd2+ 17. Nxd2 Ne7 18. O-O Kd7 19. Nb5 Ra8 20. e4
Ra2 21. Rb1 Nc6 22. Nf3 Ra5 23. Nc3 f6 24. Kf1 Ke7 25. Ke2 g5 26. h3 h5 27. Rd1
g4 28. hxg4 hxg4 29. Ne1 Na4 30. d5 Ne5 31. Rd2 Nxc3+ 32. bxc3 exd5 33. exd5
Kd6 34. f4 gxf3+ 35. Nxf3 Nd3 36. Ne1 Ne5 37. Ke3 Rxd5 38. Rxd5+ Kxd5 39. Nf3
Nc6 40. Kf4 Ke6 41. g4 Ne7 42. Ke4 f5+ 43. gxf5+ Nxf5 44. Ng5+ Kf6 45. Nh7+ Ke6
46. Nf8+ Kf6 47. Nd7+ Ke7 48. Kxf5 Kxd7 49. Ke5 Kc6 50. Kd4 Kd6 51. Kxc4 Kc6
52. Kb4 Kb6 1/2-1/2

[Event "Pan American-chT1"]
[Site "Cascavel"]
[Date "1996.??.??"]
[Round "?"]
[White "Felgaer, Ruben Alejandro"]
[Black "Cubas, Jose Fernando"]
[Result "0-1"]
[WhiteElo "2235"]
[BlackElo "2160"]
[PlyCount "68"]
[EventDate "1996.??.??"]
[EventType "team"]
[EventRounds "7"]
[EventCountry "ARG"]
[SourceTitle "EXT 1998"]
[Source "ChessBase"]
[SourceDate "1997.11.17"]
[SourceVersion "1"]
[SourceVersionDate "1997.11.17"]
[SourceQuality "1"]

1. e4 e6 2. d4 d5 3. Nc3 Bb4 4. e5 b6 5. Nf3 Qd7 6. Ng5 Ba6 7. Bxa6 Nxa6 8. O-O
Bxc3 9. bxc3 Nb8 10. a4 Nc6 11. Qd3 h6 12. Nf3 Na5 13. Nd2 Qc6 14. Nb3 Nc4 15.
a5 Ne7 16. Ba3 Nf5 17. Bb4 g5 18. axb6 axb6 19. Rxa8+ Qxa8 20. Ra1 Qb7 21. Qd1
h5 22. Ra2 Kd7 23. Qa1 g4 24. Nc1 h4 25. Ne2 g3 26. hxg3 hxg3 27. Nxg3 Nxg3 28.
fxg3 Ne3 29. Qc1 Nf5 30. g4 Ng3 31. Qe3 Rh1+ 32. Kf2 Ne4+ 33. Ke2 c5 34. Ba3
Qa6+ 0-1

[Event "Wch U16"]
[Site "Menorca"]
[Date "1996.??.??"]
[Round "3"]
[White "Bakhtadze, Giorgi"]
[Black "Cubas, Jose Fernando"]
[Result "1/2-1/2"]
[WhiteElo "2315"]
[BlackElo "2140"]
[PlyCount "70"]
[EventDate "1996.??.??"]
[EventType "swiss"]
[EventRounds "11"]
[EventCountry "ESP"]
[SourceTitle "Juniors"]
[Source "ChessBase"]
[SourceDate "1999.07.01"]
[SourceVersion "1"]
[SourceVersionDate "1999.07.01"]
[SourceQuality "1"]

1. Nf3 Nf6 2. b3 b6 3. Bb2 Bb7 4. c4 e6 5. e3 Be7 6. Be2 O-O 7. O-O d5 8. cxd5
exd5 9. d4 c5 10. Nc3 Na6 11. Rc1 Nc7 12. Qc2 Rc8 13. Rfd1 Ne6 14. Qf5 g6 15.
Qb1 a6 16. Ne5 cxd4 17. exd4 Qd6 18. Na4 b5 19. Nc5 Nxc5 20. dxc5 Rxc5 21. Rxc5
Qxc5 22. Bd4 Qd6 23. Qb2 Bd8 24. Nd3 Nd7 25. Bg4 f5 26. Bf3 Bf6 27. Re1 Kf7 28.
Bxf6 Nxf6 29. Qd4 Re8 30. Rc1 Qe6 31. g3 Rc8 32. Rxc8 Qxc8 33. Qa7 Nd7 34. Nf4
Nf6 35. Nd3 Nd7 1/2-1/2

[Event "Wch U16"]
[Site "Menorca"]
[Date "1996.??.??"]
[Round "4"]
[White "Cubas, Jose Fernando"]
[Black "Solak, Dragan"]
[Result "0-1"]
[WhiteElo "2140"]
[BlackElo "2435"]
[PlyCount "76"]
[EventDate "1996.??.??"]
[EventType "swiss"]
[EventRounds "11"]
[EventCountry "ESP"]
[SourceTitle "Juniors"]
[Source "ChessBase"]
[SourceDate "1999.07.01"]
[SourceVersion "1"]
[SourceVersionDate "1999.07.01"]
[SourceQuality "1"]

1. d4 Nf6 2. c4 e6 3. Nf3 Bb4+ 4. Bd2 a5 5. Nc3 b6 6. Qc2 Bb7 7. a3 Bxc3 8.
Bxc3 Ne4 9. e3 O-O 10. Bd3 f5 11. b3 Nxc3 12. Qxc3 d6 13. Qc2 Qe7 14. e4 e5 15.
d5 f4 16. O-O-O Nd7 17. Nd2 Nf6 18. Nb1 Bc8 19. Nc3 Bd7 20. a4 Rf7 21. Kb2 Raf8
22. f3 g5 23. Qf2 g4 24. Rdg1 Rg7 25. Qf1 Kh8 26. Ne2 Nh5 27. Qe1 Rfg8 28. Kc2
Rg6 29. Kc3 Nf6 30. Kc2 Rh6 31. Qf2 Nh5 32. Qe1 Rgg6 33. Kd2 Qg7 34. Qf1 Rg5
35. Nc3 Nf6 36. g3 gxf3 37. gxf4 Rg2+ 38. Kc1 Rhg6 0-1

[Event "Linares Anibal op 03rd"]
[Site "Linares"]
[Date "1996.??.??"]
[Round "?"]
[White "Narciso Dublan, Marc"]
[Black "Cubas Pons, Juan Miguel"]
[Result "1-0"]
[WhiteElo "2440"]
[BlackElo "2165"]
[PlyCount "57"]
[EventDate "1996.01.??"]
[EventType "swiss"]
[EventRounds "10"]
[EventCountry "ESP"]
[SourceTitle "CBM 051 Extra"]
[Source "ChessBase"]
[SourceDate "1996.05.01"]
[SourceVersion "1"]
[SourceVersionDate "1996.05.01"]
[SourceQuality "1"]

1. e4 e5 2. Nf3 Nc6 3. d4 exd4 4. Nxd4 Nf6 5. Nxc6 bxc6 6. e5 Qe7 7. Qe2 Nd5 8.
c4 Ba6 9. g3 g5 10. Bg2 Bg7 11. O-O Nb6 12. b3 O-O-O 13. Re1 Rde8 14. Bb2 Qc5
15. Nd2 Bxe5 16. Bxe5 f6 17. Ne4 Qxe5 18. Qd2 h6 19. c5 Nd5 20. Nd6+ cxd6 21.
Rxe5 Rxe5 22. cxd6 Nb6 23. f4 gxf4 24. Qxf4 Rhe8 25. Qxh6 Re1+ 26. Rxe1 Rxe1+
27. Kf2 Re2+ 28. Kf3 Nd5 29. Bf1 1-0

[Event "Mondariz 03"]
[Site "Mondariz"]
[Date "1996.??.??"]
[Round "1"]
[White "Cubas Pons, Juan Miguel"]
[Black "Estremera Panos, Sergio"]
[Result "0-1"]
[WhiteElo "2165"]
[BlackElo "2385"]
[PlyCount "78"]
[EventDate "1996.03.??"]
[EventType "tourn"]
[EventRounds "9"]
[EventCountry "ESP"]
[EventCategory "4"]
[SourceTitle "EXT 2004"]
[Source "ChessBase"]
[SourceDate "2003.11.25"]
[SourceVersion "1"]
[SourceVersionDate "2003.11.25"]
[SourceQuality "1"]

1. Nf3 Nf6 2. c4 b6 3. g3 e6 4. Bg2 Bb7 5. O-O Be7 6. b3 O-O 7. Bb2 c5 8. d4
cxd4 9. Nxd4 Bxg2 10. Kxg2 Qc7 11. Nc3 Qb7+ 12. Kg1 d6 13. Re1 a6 14. e4 Nbd7
15. Qe2 Rab8 16. Rad1 Rfc8 17. Rd2 Ne8 18. f4 Bf6 19. Qe3 Qc7 20. a4 Bxd4 21.
Rxd4 Nc5 22. Nb1 b5 23. axb5 axb5 24. cxb5 Rxb5 25. Rc4 Rxb3 26. Bc3 Qb7 27.
Nd2 Rb5 28. Bd4 Nd7 29. Rec1 Rxc4 30. Nxc4 Rb1 31. Rxb1 Qxb1+ 32. Kg2 Qc2+ 33.
Nd2 h6 34. Qc3 Qd1 35. Nf3 Qe2+ 36. Bf2 Qxe4 37. Qc8 Ndf6 38. Bd4 Kh7 39. Qd8
Qe2+ 0-1